| 000 | 01019 a2200193 4500 | ||
|---|---|---|---|
| 003 | Nust | ||
| 005 | 20170207171856.0 | ||
| 040 | _cNust | ||
| 082 | _a050 | ||
| 100 | _aCommand and Staff College (Quetta, Pakistan) | ||
| 245 |
_aThe Citadel : _bprofessional magazine of the Command and Staff College -No.1/2016 _cCommand and Staff College (Quetta, Pakistan) |
||
| 260 |
_aQuetta,Pakistan _bComdt and Staff Press Quetta _c2016 |
||
| 300 | _a132 p | ||
| 490 | _vVol.xxxv | ||
| 505 | _aFrom th Editor (Page 2-3), Letters (Page 4-7),Significance of Military Culture- Learning from the Wehrmacht (Page 8-19), Doctrinal Evaluation / Military Concepts (Page 20-24), Leadership, Command and Management (Page 25-34), National / International Affairs (Page 50-60), Miscellaneous (Page 61-86), Traning and Education (Page 87-113), Book Reviews (Page 114-118), Fresh Arrivals (Page 119-132), | ||
| 538 | _aAlmirah No.137 Shelf No.6 | ||
| 650 | _aPakistan. -- Army -- Periodicals. | ||
| 651 | _aPakistan -- Military policy -- Periodicals. | ||
| 942 | _cMAGS | ||
| 999 |
_c219409 _d219409 |
||